000 00726nmc a2200277 a 4500
003 AR-BaBNM
005 20251128205044.0
008 207019s1995 ||||||||||||||000 | spa||
020 _a950-581-217-5
040 _cAR-BaBNM
100 1 _aSantis, Pablo de
245 1 0 _aEnciclopedia en la hoguera
260 _aBuenos Aires
_bColihue
_c1995
300 0 _a118 p.
_bil.
490 0 _aLa Movida
_vv. 16
500 0 _aContiene biografĂ­a del autor
650 4 _aLITERATURA INFANTIL
650 4 _aCUENTOS DE AVENTURAS
650 4 _aLIBROS PARA NINOS
653 0 _aHISTORIETAS
655 _aLITERATURA
700 1 _aCachimba, Max
_eilustrador
800 1 _aSantis, Pablo de
_edirector
942 _cBK
998 _claura
999 _c9802
_d9802